Menuju jama'atu Muslimin : analisis sistem jama'ah dalam gerakan Islam?

Bibliographic Details
Main Author: Jabir, Husayn ibn Muhsin ibn Ali (Author)
Format: Book
Published: Kuala Lumpur : Pustaka Syuhada , 1992
Subjects:

MARC

LEADER 00000cam a2200000 7i4500
001 0000006293
005 20040405093000.0
008 021119s1992
020 |a 96799919X 
090 0 0 |a BP88.H8   |b T22 
100 0 |a Jabir, Husayn ibn Muhsin ibn Ali ,   |e author 
240 0 2 |a الطريق الى حماعة المسلمين   |l Bahasa Malaysia 
245 0 0 |a Menuju jama'atu Muslimin :   |b analisis sistem jama'ah dalam gerakan Islam?   |c Hussain bin Muhammad bin Ali Jabir   |f alihbahasa, Annuar Rafiq, Shaleh Tamlid 
260 2 |a Kuala Lumpur :   |b Pustaka Syuhada ,   |c 1992 
300 |a xxiii, 275 p. ;   |c 21 cm. 
650 0 |a Islam and state 
650 0 |a Islamic fundamentalism   |z Egypt 
650 0 |a Islam   |x Societies, etc. 
650 0 |a Islam   |z Egypt   |x Societies, etc. 
999 |a 1000001975   |b Book   |c OPEN SHELF (30 DAYS)   |e Gong Badak Campus